00736nam a2200181Ia 4500008004100000020001500041041001200056082001600068100001600084245004000100260003700140300000900177650001600186942000700202999001500209952016000224952017000384221030s9999 xx 000 0 und d a8177000225 aEnglish a105.23bSin aB. P. Singh 0aDigital Electronicscby B. P. Singh bDhanpat Rai PubaNew Delhic2000 a1369 aBE Computer cBK c6725d6725 pBE 2111g85.00l0o105.23 Sinr2024-06-13 00:00:00w2022-10-30yBK003Print4071aMIETLIBbMIETLIBcBL-Second, FL-1, CUP-22, SH-2, R-2d2000-11-2210HBE pBE 2832g85.00l0o105.23 Sinr2024-06-13 00:00:00w2022-10-30yBK003Print4070aMIETLIBbMIETLIBcBL-Academic Block C, FL-2, CUP-93, SH-6, R-6d2001-10-2110HBE